Sự bức bối của lửa : Thơ
Gespeichert in:
| 1. Verfasser: | |
|---|---|
| Format: | Buch |
| Sprache: | Undetermined |
| Veröffentlicht: |
Hà Nội
Sân khấu
2020
|
| Schlagworte: | |
| Tags: |
Tag hinzufügen
Keine Tags, Fügen Sie den ersten Tag hinzu!
|
| Thư viện lưu trữ: | Trung tâm Học liệu Trường Đại học Cần Thơ |
|---|
| LEADER | 00547nam a2200193Ia 4500 | ||
|---|---|---|---|
| 001 | CTU_239773 | ||
| 008 | 210402s9999 xx 000 0 und d | ||
| 082 | |a 895.9221008 | ||
| 082 | |b Tr101 | ||
| 100 | |a Trần, Ngọc Trác | ||
| 245 | 0 | |a Sự bức bối của lửa : | |
| 245 | 0 | |b Thơ | |
| 245 | 0 | |c Trần Ngọc Trác | |
| 260 | |a Hà Nội | ||
| 260 | |b Sân khấu | ||
| 260 | |c 2020 | ||
| 650 | |a Thơ Việt Nam,Vietnamese poetry | ||
| 910 | |b nthai | ||
| 980 | |a Trung tâm Học liệu Trường Đại học Cần Thơ | ||